000 00920nam a2200229Ia 4500
020 _a0439587573
020 _a043958549X
040 _cIHI
082 _a813 SCH 2002 A094 Or.
100 1 _aBlume, Judy.
245 1 0 _aDouble Fudge /
260 _aNew York :
_bScholastic,
_c[2003], c2002.
300 _a213 p. ;
_c20 cm.
500 _a"This edition is only available for distribution through the school market"--P. [4] of cover.
500 _aOriginally published: New York : Dutton Children's Books, c2002.
520 _aHis younger brother Fudge's obsession with money and an unexpected encounter with twin cousins Flora and Fauna and a weird younger cousin also named Farley Drexel Hatcher, just like Fudge, provide many embarrassing moments for twelve-year-old Peter.
650 0 _aBrothers
650 0 _aFamilies
650 0 _aMoney
650 0 _aHatcher, Fudge (Fictitious character)
942 _cEK
999 _c12719
_d12719